Konturen menschlicher Existenz : Studien zur personalen Lebensform /
Die Konturen der menschlichen Existenz, in denen sich die praktische Verfasstheit als Grundstruktur und die Endlichkeit menschlichen Lebens als prägendes Element erweisen, werden als eine Philosophie der Person entfaltet. In Auseinandersetzung mit zentralen philosophischen Konzeptionen (u.a. Harry G...
Main Author:
Format: eBook
Language: English
Published:
Paderborn :
Ferdinand Schöningh, Brill | mentis,
2026.
Subjects:
Online Access: Login to view Source
Tags: Add Tag
Call Number: PZ7.S588
| LEADER | 02753nam a22004458i 4500 | ||
|---|---|---|---|
| 001 | BRILL9783969753484 | ||
| 003 | nllekb | ||
| 005 | 20260324115026.0 | ||
| 006 | m d | ||
| 007 | cr un uuuua | ||
| 008 | 251205s2026 gw sb 001 0 eng d | ||
| 020 | |a 9783969753484 |q (electronic book) | ||
| 020 | |z 9783957433480 |q (print) | ||
| 024 | 7 | |a 10.1163/9783969753484 |2 DOI | |
| 040 | |a NL-LeKB |c NL-LeKB |e rda | ||
| 041 | |a eng | ||
| 050 | 4 | |a PZ7.S588 | |
| 072 | 7 | |a HPJ |2 bicssc | |
| 072 | 7 | |a PHI |x 013000 |2 bisacsh | |
| 082 | 0 | 4 | |a 100 |2 23 |
| 100 | 1 | |a Quante, Michael, |e author. | |
| 245 | 1 | 0 | |a Konturen menschlicher Existenz : |b Studien zur personalen Lebensform / |c Michael Quante. |
| 246 | 3 | |a Studien zur personalen Lebensform | |
| 264 | 1 | |a Paderborn : |b Ferdinand Schöningh, Brill | mentis, |c 2026. | |
| 264 | 4 | |c ©2026 | |
| 300 | |a 1 online resource (160 pages) : |b illustrations. | ||
| 336 | |a text |b txt |2 rdacontent | ||
| 337 | |a computer |b c |2 rdamedia | ||
| 338 | |a online resource |2 rdacarrier | ||
| 490 | 1 | |a Schöningh, Fink and mentis Religious Studies, Theology and Philosophy E-Books Online, Collection 2026 | |
| 504 | |a Includes bibliographical references and index. | ||
| 520 | |a Die Konturen der menschlichen Existenz, in denen sich die praktische Verfasstheit als Grundstruktur und die Endlichkeit menschlichen Lebens als prägendes Element erweisen, werden als eine Philosophie der Person entfaltet. In Auseinandersetzung mit zentralen philosophischen Konzeptionen (u.a. Harry G. Frankfurt, William James und Karl Jaspers) werden die zentralen Aspekte menschlichen Personseins erhellt. Konturen unserer Existenz werden in den Dimensionen Selbst, Mensch, Gesellschaft und Transzendenz entfaltet. Behandelt werden der Zusammenhang von Personalität und Zeitlichkeit, der von personaler Autonomie und Dependenz, Verzeihen und Frieden als grundlegenden Haltungen zur Welt sowie die Frage, ob das menschliche Personsein unverzichtbar auf Transzendenz bezogen ist. Das Motiv menschlicher Endlichkeit erweist sich dabei als Schlüssel zum Verständnis unseres personalen Lebens. Damit dienen die hier versammelten Studien auch als Hinführung auf eine Philosophie radikaler Endlichkeit. | ||
| 546 | |a English | ||
| 588 | |a Description based on print version record. | ||
| 650 | 0 | 0 | |a Ethics & Moral Philosophy. |
| 650 | 0 | 0 | |a Philosophy. |
| 776 | 0 | 8 | |i Print version: |t Konturen menschlicher Existenz : Studien zur personalen Lebensform. |d Paderborn : Ferdinand Schöningh, Brill | mentis,2026. |z 9783957433480 |w (OCoLC)1553862506 |
| 830 | 0 | |a Schöningh, Fink and mentis Religious Studies, Theology and Philosophy E-Books Online, Collection 2026. | |
| 856 | 4 | |z DOI: |u http://dx.doi.org/10.30965/9783969753484 | |
| 999 | |c 61993 |d 61993 | ||
